All Star Wars Movies And TV-Shows - Statistics

General Stats
  • This quiz has been taken 156 times
    30 since last reset
  • The average score is 20 of 25
Answer Stats
Release Year Answer % Correct
2019 The Mandalorian
100%
2002 Episode II: Attack of the Clones
94%
2005 Episode III: Revenge of the Sith
94%
1999 Episode I: The Pantom Menace
94%
1977 Episode IV: A New Hope
94%
2017 Episode VIII: The Last Jedi
94%
2015 Episode VII: The Force Awakens
94%
1983 Episode VI: Return of the Jedi
94%
1980 Episode V: The Empire Strikes Back
94%
2016 Rogue One
94%
2018 Solo
94%
2008 The Clone Wars
94%
2019 Episode IX: The Rise of Skywalker
83%
2021 The Book Of Boba Fett
83%
2023 Ahsoka
78%
2022 Andor
78%
2022 Obi-Wan Kenobi
72%
2021 The Bad Batch
72%
2014 Star Wars Rebels
67%
2024 The Acolyte
67%
2018 Resistance
56%
2024 Skeleton Crew
56%
2022 Tales of the Jedi
56%
2024 Tales of the Empire
44%
2025 Tales of the Underworld
44%
No matching quizzes found
Score Distribution
Percent of People with Each Score
Percentile by Number Answered
Your Score History
You have not taken this quiz since the last reset